Statistics for Concentration Quiz #1 - Silhouettes

Click here to take the quiz!

General Stats

  • This quiz has been taken 200 times
  • The average score is 21 of 25

Answers on the Map

Answers color-coded by a green-red scale on the quiz's map according to % correct below.
Loading ...
Layer 1
 

Answer Stats

Answer% Correct
Heart
98%
Boxing gloves
98%
Guitar
97%
Sun
97%
Pear
95%
Chair
95%
Airplane
94%
Flag
93%
Infinity
92%
Elephant
92%
Recycling
92%
Fleur-de-lis
91%
Lady bug
89%
Shell
88%
Ghost
87%
Euro
86%
Eiffel Tower
86%
Anarchy
85%
Volcano
83%
Football
77%
Octopus
75%
Feather
67%
Car
67%
Africa
61%
Bomb
61%

Score Distribution

Percentile by Number Answered

Percent of People with Each Score

Your Score History

You have not taken this quiz